000 00287 a2200133 4500
000 nam a22 7a 4500
100 _aJangir, M K
110 _aJangir, M K
245 _alabour law Volume 1
250 _aLatest edition
260 _bUP
_c2024
264 _bUP
_c2024
942 _cBK
999 _c396266
_d396266